000 00638nam a22002177a 4500
003 UA-OsUOA
001 82994
007 ta
008 20120327b un ||||| |||| 00| 0 ukr d
100 _aСавчук В.
090 _a82
_bС13
942 _cSA
040 _aUA-OsUOA
_bukr
_cUA-OsUOA
_dUA-OsUOA
245 _aТрадиційні та нові акценти у вивченні життя і творчості Тараса Шевченка у школі
300 _aС.38-41
955 _a0
041 _aukr
080 _a82
773 0 _w82989
650 7 _a82 Література. Літературознавство
_2UDC
999 _c369330
_d369330